000 00528nam a2200217Ia 4500
003 OSt
005 20230420161336.0
008 210423s2009 xx 000 0 und d
020 _a9780230227071
040 _cAL
041 _aeng
082 _a829.09 ALEM
100 _aALEXANDER (Michael).
_991220
245 _aHistory of english literature.
250 _a2
260 _aNew York
_bPalgrave
_c2009
300 _axvii,418
_bPB
365 _b295
_cINR
906 _aenglish ; History ; literature.
942 _2ddc
_cBK
999 _c160384
_d160384